| 000 | 01434naa a22003377a 4500 | ||
|---|---|---|---|
| 001 | BR8600453 | ||
| 003 | BR-BrBNA | ||
| 005 | 20240918175623.0 | ||
| 007 | ta | ||
| 008 | 230509b bl.||||| |||| 00| 0 por d | ||
| 040 |
_aBR-BrBNA _bpor _cBiblioteca Nacional de Agricultura |
||
| 041 | _a(Pt) | ||
| 072 |
_aL72 _b8520 _b4065 _bG514 |
||
| 090 | _aL72 BR8600453 | ||
| 100 | 1 | _aSouza Junior, F.L. de | |
| 100 | 1 | _aHyakutake, S. | |
| 100 | 1 | _aReis, A.A. dos | |
| 111 | 1 |
_a4. Encontro Nacional de Ranicultores _cGoiania, GO (Brazil) _d5-9 Nov 1984 |
|
| 245 | 1 | _aGiardiase: interessante protozoose intestinal em girinos e ras, que ja afetam exemplares de Rana catesbeiana Shaw, 1802, de ranario do Estado de Sao Paulo, Brasil | |
| 246 | 1 | _a[Giardiasis: on interesting intestinal disease caused by protozoa in hadpoles and frogs, which already affect Rana catesbeiana Shaw, 1802, from a frog farm in Sao Paulo, Brazil] | |
| 246 | 1 | _a[Annals of the 4. National Meeting of Frog Breeders] | |
| 260 | 3 |
_aGoiania, GO (Brasil): _c1984. |
|
| 500 | _aAnais do 4. Encontro Nacional de Ranicultores Goiania, GO (Brasil): 1984. p. 193-195 (BR8600453-AM)L72 | ||
| 650 | _aRA TOURO | ||
| 650 | _aGIARDIASE | ||
| 650 | _aRANARIO | ||
| 650 | _aSAO PAULO | ||
| 773 | 0 |
_tAnais do 4. Encontro Nacional de Ranicultores _wL72 BR8600453 _gGoiania, GO (Brasil), 1984. p. 193-195 |
|
| 909 |
_a202404 _bLucia _c55 _dLucia Elande |
||
| 942 |
_cAM _2AGRIS |
||
| 999 |
_c317483 _d317483 |
||